Sistema de mantenimiento preventivo para los vehículos del M.A.G
שמור ב:
| מחבר ראשי: | |
|---|---|
| פורמט: | ספר |
| יצא לאור: |
[San José , Costa Rica]
1977
|
| תגים: |
הוספת תג
אין תגיות, היה/י הראשונ/ה לתייג את הרשומה!
|
MARC
| LEADER | 00000nam a2200000Ia 4500 | ||
|---|---|---|---|
| 003 | 002361 | ||
| 005 | 20221231144414.0 | ||
| 008 | 140114s1977 c a m 000 ||s d | ||
| 040 | |c cru CEDI | ||
| 090 | |a TFG 1452 | ||
| 100 | |a Mora Badilla, Ramón María |9 15076 | ||
| 245 | |a Sistema de mantenimiento preventivo para los vehículos del M.A.G | ||
| 260 | |a [San José , Costa Rica] |c 1977 | ||
| 300 | |a 112 hojas | ||
| 500 | |a Proyecto de graduación. Universidad de Costa Rica. Facultad de Ingeniería. Escuela de Ingeniería Industrial | ||
| 942 | |c TFG | ||
| 999 | |c 21401 |d 21401 | ||
